00270 a2200109 450000100060000008200210000610000260002724500450005326000290009830000100012750000230013790442 a909.04914122 MAR aMary Shah Muhammad Dr aBaloch QoumcDr Shah Muhammad MaryhUrdu aKarachibBook Timec2010 a448p. aGeneral Collection